Normal view
MARC view
- حلاوة، محمد
Entry Personal Name
001 - CONTROL NUMBER
- control field: 34543
003 - CONTROL NUMBER IDENTIFIER
- control field: JO-AjAnu
005 - DATE AND TIME OF LATEST TRANSACTION
- control field: 20230606075803.0
008 - FIXED-LENGTH DATA ELEMENTS
- fixed length control field: 230606|| aca||aabn | a|a d
040 ## - CATALOGING SOURCE
- Original cataloging agency: JO-AjAnu
- Transcribing agency: JO-AjAnu
100 ## - HEADING--PERSONAL NAME
- Personal name: حلاوة، محمد
670 ## - SOURCE DATA FOUND
- Source citation: Work cat.: (JO-AjAnu)17743: حلاوة، محمد, author, المرشد الجديد في اللغة العربية: الثقافة الأدبية واللغوية الصف الأول الثانوي الشامل والتطبيقي الفصل الأول عربي(1)